|
|
|
|
| LEADER |
00000cam a2200000 a 4500 |
| 001 |
vtls001446638 |
| 003 |
SK-MaSNL |
| 005 |
20260326102340.0 |
| 008 |
240226s2002 xo ol gr 000 0 slo |
| 015 |
|
|
|a SNBA2004/03-02675
|
| 020 |
|
|
|a 8070998237
|
| 035 |
|
|
|a SNK000401891
|
| 035 |
|
|
|a urn:nbn:sk:snk-am3it97
|
| 035 |
|
|
|a 0E47ECD0-012A-4D94-A3AC-71007A60A217
|
| 035 |
|
|
|a urn:nbn:sk:snk-am00fh4g
|
| 040 |
|
|
|a SNK
|b slo
|c SNK
|e AACR2
|
| 041 |
0 |
|
|a slo
|
| 043 |
|
|
|a e-xo---
|
| 044 |
|
|
|a xo
|c SK
|
| 072 |
|
7 |
|a 378
|x Vysoké školy
|2 konspekt
|
| 080 |
|
|
|a 378.6:62
|2 2011
|
| 080 |
|
|
|a 669
|2 2011
|
| 080 |
|
|
|a 378
|2 2011
|
| 080 |
|
|
|a (082.2)
|2 2011
|
| 080 |
|
|
|a (437.6)
|2 2011
|
| 245 |
0 |
0 |
|a Pamätnica
|b Ústav metalurgie a materiálov Hutníckej fakulty Technickej univerzity v Košiciach : 30. výročie založenia (1972-2002)
|c zostavila: Virčíková Edita
|
| 246 |
3 |
1 |
|a Memorial book
|
| 260 |
|
|
|a Košice
|b Technická univerzita
|c 2002
|
| 300 |
|
|
|a 63 strán
|b fotografie, tabuľky
|c 24 cm
|
| 500 |
|
|
|a Súbežný názov v angličtine
|
| 610 |
2 |
7 |
|a Technická univerzita v Košiciach.
|b Hutnícka fakulta.
|b Ústav metalurgie a materiálov
|2 SNKKA
|9 34910
|
| 650 |
0 |
7 |
|a vysoké školy technické
|2 SNKPH
|9 71431
|
| 650 |
0 |
7 |
|a metalurgia
|2 SNKPH
|9 941
|
| 650 |
0 |
7 |
|a vysokoškolské štúdium
|2 SNKPH
|9 4044
|
| 651 |
|
7 |
|a Košice (Slovensko)
|2 SNKPHgeo
|9 18694
|
| 655 |
|
7 |
|a jubilejné publikácie
|2 SNKPH
|9 70339
|
| 700 |
1 |
|
|a Virčíková, Edita,
|d 1946-2021
|4 com
|9 196128
|
| 919 |
|
|
|a 80-7099-823-7
|
| 958 |
|
|
|a TL
|
| 958 |
|
|
|a OND
|
| 999 |
|
|
|c 1072221
|d 1074151
|
| 952 |
|
|
|a SNK
|b SNK
|y PREZ
|7 0
|p 17A0363718
|o snkSC 110191
|i snkKSP 15223/2002
|0 0
|1 0
|4 0
|d 2002-12-17
|f 1
|l 0
|r 2025-09-30 00:00:00
|w 2026-02-24
|
| 952 |
|
|
|a SNK
|b SNK
|y VYP
|7 0
|p 17A0367885
|o snkSC 110191 D1
|i snkKSP 15224/2002
|0 0
|1 0
|4 0
|d 2002-12-17
|l 0
|r 2005-01-02 00:00:00
|w 2026-02-24
|